[Event "European Blitz 2022"]
[Site "Katowice POL"]
[Date "2022.12.16"]
[Round "3.30"]
[White "Fishchuk, Vladyslav"]
[Black "Laurusas, Tomas"]
[Result "0-1"]
[WhiteTitle "FM"]
[BlackTitle "GM"]
[WhiteElo "2194"]
[BlackElo "2567"]
[WhiteFideId "34122117"]
[BlackFideId "12803731"]
[EventDate "2022.12.16"]

1. Nf3 d5 2. c4 c6 3. e3 Nf6 4. Nc3 a6 5. b3 Bg4 6. h3 Bh5 7. Bb2 e6 8. g4 Bg6
9. Ne5 Nbd7 10. Nxg6 hxg6 11. Bg2 Bd6 12. Qc2 Qe7 13. Ne2 Ba3 14. Bc3 O-O 15.
O-O b5 16. d3 Rac8 17. Rae1 Bb4 18. Ng3 Nb6 19. e4 bxc4 20. dxc4 dxc4 21. bxc4
Nfd7 22. Rb1 Bxc3 23. Qxc3 e5 24. c5 Na4 25. Qa5 Naxc5 26. Rfd1 Ne6 27. Rb7 Nd4
28. f4 Qc5 29. Qxc5 Nxc5 30. Re7 Rfd8 31. Rxe5 Ne2+ 32. Nxe2 Rxd1+ 33. Kf2 Nd3+ 0-1

[Event "European Blitz 2022"]
[Site "Katowice POL"]
[Date "2022.12.16"]
[Round "3.31"]
[White "Azarov, Sergei"]
[Black "Krainski, Aleksander"]
[Result "1-0"]
[WhiteTitle "GM"]
[BlackTitle "FM"]
[WhiteElo "2562"]
[BlackElo "2046"]
[WhiteFideId "13501470"]
[BlackFideId "1102400"]
[EventDate "2022.12.16"]

1. e4 e5 2. Nf3 Nf6 3. d4 Nxe4 4. Bd3 d5 5. dxe5 Nc5 6. Be2 Be7 7. O-O O-O 8.
Nc3 c6 9. Nd4 a5 10. f4 Ne6 11. Nf3 Nc5 12. Nd4 Ne6 13. f5 Nxd4 14. Qxd4 Nd7 15.
Kh1 Qb6 16. Qf4 f6 17. e6 Ne5 18. Qg3 Kh8 19. b3 Bd6 20. Qh4 Qc7 21. Bh5 Kg8 22.
Ne2 b6 23. Nf4 a4 24. Be3 Bb7 25. Ng6 c5 26. Nxf8 Rxf8 27. Bf4 d4 28. Qg3 Kh8
29. Rae1 axb3 30. axb3 Qe7 31. Qh3 Kg8 32. Bxe5 Bxe5 33. Bf3 Ba6 34. Rg1 Rc8 35.
Bd5 h6 36. Qf3 Qd6 37. Ra1 Bb5 38. Ra7 Kh8 39. Qg4 Rg8 40. e7 Re8 41. Bf7 1-0

[Event "European Blitz 2022"]
[Site "Katowice POL"]
[Date "2022.12.16"]
[Round "3.32"]
[White "Pla Almenar, Nel"]
[Black "Keinanen, Toivo"]
[Result "0-1"]
[BlackTitle "IM"]
[WhiteElo "2038"]
[BlackElo "2508"]
[WhiteFideId "22273115"]
[BlackFideId "509825"]
[EventDate "2022.12.16"]

1. Nf3 d5 2. b3 Nf6 3. Bb2 e6 4. e3 Bd6 5. c4 O-O 6. g3 c5 7. cxd5 exd5 8. Bg2
Nc6 9. O-O d4 10. exd4 cxd4 11. Na3 Bg4 12. Nc4 Bc7 13. Qc2 d3 14. Qc3 Rc8 15.
b4 b5 16. Ne3 Bxf3 17. Bxf3 Be5 18. Qa3 Bxb2 19. Qxb2 Nd4 20. Bd1 Ne4 21. a4 a6
22. axb5 axb5 23. Bb3 Nxb3 24. Qxb3 Nxd2 0-1

[Event "European Blitz 2022"]
[Site "Katowice POL"]
[Date "2022.12.16"]
[Round "3.33"]
[White "Pultinevicius, Paulius"]
[Black "Rog, Bartlomiej"]
[Result "1-0"]
[WhiteTitle "GM"]
[WhiteElo "2561"]
[BlackElo "1969"]
[WhiteFideId "12809390"]
[BlackFideId "21857377"]
[EventDate "2022.12.16"]

1. d4 d5 2. Bf4 Nf6 3. e3 g6 4. Nd2 Bg7 5. c3 O-O 6. h3 c5 7. Ngf3 b6 8. Be2 Nc6
9. O-O Bb7 10. Ne5 Nxe5 11. Bxe5 Nd7 12. Bxg7 Kxg7 13. b4 e5 14. bxc5 bxc5 15.
Qa4 Nb6 16. Qa5 cxd4 17. cxd4 exd4 18. exd4 Qf6 19. Nb3 Nc4 20. Qb4 Bc6 21. Rac1
a5 22. Qc3 Rfc8 23. Nc5 Nd6 24. Bg4 Rc7 25. Rfd1 Ba4 26. Re1 Ne4 27. Nxe4 Rxc3
28. Nxf6 Rxc1 29. Rxc1 Kxf6 30. Rc5 h5 31. Bf3 Bd7 32. Bxd5 Ra7 33. f4 Be6 34.
Bxe6 Kxe6 35. Kf2 a4 36. Kf3 a3 37. Rc3 Kd5 38. Ke3 Ra4 39. Rc5+ Kd6 40. g4 hxg4
41. hxg4 Rb4 42. Ra5 Rb2 43. Rxa3 Kd5 44. Ra5+ Kc4 45. Rc5+ Kb4 46. Rc7 Rxa2 47.
Rxf7 Kc4 48. Rc7+ Kd5 49. Rc5+ Kd6 50. Re5 Ra3+ 51. Ke4 Ra1 52. Rg5 Re1+ 53. Kd3
Rd1+ 54. Kc3 Rf1 55. Rxg6+ Kd5 56. f5 Rf3+ 57. Kd2 Kxd4 58. Ke2 Rf4 59. f6 Ke5
60. g5 Ke6 61. Rg7 Rf5 62. Ke3 Rf1 63. Kd4 Rd1+ 64. Kc5 Rc1+ 65. Kb6 Rb1+ 66.
Kc7 1-0

[Event "European Blitz 2022"]
[Site "Katowice POL"]
[Date "2022.12.16"]
[Round "3.34"]
[White "Sutbas, Batuhan"]
[Black "Drozdowski, Kacper"]
[Result "0-1"]
[BlackTitle "IM"]
[WhiteElo "1705"]
[BlackElo "2448"]
[WhiteFideId "6390129"]
[BlackFideId "1136720"]
[EventDate "2022.12.16"]

1. e4 c5 2. b4 b6 3. bxc5 bxc5 4. d4 cxd4 5. c3 Bb7 6. Bd3 Nc6 7. Nf3 Nf6 8. e5
Nd5 9. cxd4 e6 10. O-O Be7 11. Nbd2 Ncb4 12. Ne4 Nxd3 13. Qxd3 Nb4 14. Qb1 h6
15. Ba3 Bxe4 16. Qxe4 Nd5 17. Bxe7 Qxe7 18. Rfc1 O-O 19. g3 Rab8 20. Rc2 Qa3 21.
Kg2 Rfc8 22. Rac1 Qxc1 23. Rxc1 Rxc1 24. g4 Rb2 25. g5 Re2 26. Qh4 Ne3+ 27. Kh3
Nf5 28. Qh5 g6 29. Qg4 h5 30. Qg2 Rcc2 31. Nh4 Rc3+ 32. Nf3 Nxd4 0-1

[Event "European Blitz 2022"]
[Site "Katowice POL"]
[Date "2022.12.16"]
[Round "3.35"]
[White "Kosakowski, Jakub"]
[Black "Dzhuguryan, Tygran"]
[Result "1-0"]
[WhiteTitle "IM"]
[WhiteElo "2475"]
[BlackElo "2134"]
[WhiteFideId "1185080"]
[BlackFideId "21872988"]
[EventDate "2022.12.16"]

1. e4 c6 2. d4 d5 3. e5 Bf5 4. Nf3 e6 5. Be2 Ne7 6. O-O c5 7. c4 cxd4 8. Nxd4
Nbc6 9. Nxf5 Nxf5 10. cxd5 Qxd5 11. Qxd5 exd5 12. Nc3 Rd8 13. Bf4 Be7 14. Rfd1
g5 15. Bd3 Nfd4 16. Bg3 h5 17. h3 a6 18. Rac1 1-0

[Event "European Blitz 2022"]
[Site "Katowice POL"]
[Date "2022.12.16"]
[Round "3.36"]
[White "Panek, Bartosz"]
[Black "Alexakis, Dimitris"]
[Result "1-0"]
[WhiteTitle "CM"]
[BlackTitle "IM"]
[WhiteElo "2152"]
[BlackElo "2486"]
[WhiteFideId "1198220"]
[BlackFideId "4277023"]
[EventDate "2022.12.16"]

1. e4 c5 2. Nf3 Nc6 3. b4 d6 4. bxc5 dxc5 5. c3 Nf6 6. Qc2 g6 7. Be2 Bg7 8. O-O
O-O 9. d3 Bg4 10. Nbd2 Rc8 11. Rb1 b6 12. Nc4 Nd7 13. Bf4 h6 14. h3 Bxf3 15.
Bxf3 Nde5 16. Nxe5 Nxe5 17. Be2 Nc6 18. Bg3 e6 19. Kh1 Qe7 20. f4 f5 21. e5 Rfd8
22. Bf2 Kh8 23. Rfd1 Qd7 24. Qb3 g5 25. g3 Ne7 26. Kh2 Nd5 27. c4 Ne7 28. d4
cxd4 29. Rxd4 Qc7 30. Rbd1 Ng6 31. c5 Rxd4 32. Rxd4 bxc5 33. Rd6 gxf4 34. Qxe6
fxg3+ 35. Bxg3 f4 36. Qxg6 fxg3+ 37. Qxg3 Re8 38. e6 c4 39. Bd1 Qc5 1-0

[Event "European Blitz 2022"]
[Site "Katowice POL"]
[Date "2022.12.16"]
[Round "3.37"]
[White "Sebenik, Matej"]
[Black "Sliwicki, Damian"]
[Result "1-0"]
[WhiteTitle "GM"]
[BlackTitle "CM"]
[WhiteElo "2538"]
[BlackElo "2158"]
[WhiteFideId "14602296"]
[BlackFideId "1127128"]
[EventDate "2022.12.16"]

1. c4 c5 2. Nf3 g6 3. d4 cxd4 4. Nxd4 Nf6 5. Nc3 Nc6 6. e4 Nxd4 7. Qxd4 d6 8. f3
Bg7 9. Be3 O-O 10. Qd2 a5 11. b3 a4 12. b4 Be6 13. Rc1 a3 14. Be2 Nd7 15. Nb5
Ne5 16. Nd4 Nc6 17. Nxe6 fxe6 18. b5 Ne5 19. c5 Qa5 20. Qxa5 Rxa5 21. O-O d5 22.
Rfd1 Rd8 23. f4 Nf7 24. c6 bxc6 25. bxc6 Nd6 26. Bb6 Raa8 27. Bxd8 Rxd8 28. c7
Ra8 29. exd5 e5 30. Bg4 Nc8 31. Bxc8 Rxc8 32. d6 exd6 33. Rxd6 Bf8 34. fxe5 Kf7
35. Rd8 1-0

[Event "European Blitz 2022"]
[Site "Katowice POL"]
[Date "2022.12.16"]
[Round "3.38"]
[White "Rozman, Monika"]
[Black "Sahidi, Samir"]
[Result "1/2-1/2"]
[WhiteTitle "WFM"]
[BlackTitle "IM"]
[WhiteElo "2125"]
[BlackElo "2494"]
[WhiteFideId "14609118"]
[BlackFideId "14936372"]
[EventDate "2022.12.16"]

1. e4 c5 2. Nf3 e6 3. d4 cxd4 4. Nxd4 a6 5. Nc3 Nc6 6. Be2 Qc7 7. Be3 Nf6 8. O-O
Bb4 9. Na4 b5 10. Nxc6 Qxc6 11. Nb6 Rb8 12. Nxc8 Rxc8 13. c3 Bc5 14. Bxc5 Qxc5
15. Qd3 O-O 16. Rad1 Rc7 17. Bf3 Rb8 18. Qd6 Qxd6 19. Rxd6 a5 20. Rfd1 Rc5 21.
g3 b4 22. cxb4 axb4 23. b3 Kf8 24. Bg2 Ke7 25. f4 e5 26. R1d2 Rb7 27. Bf3 h6 28.
Kf2 g5 29. fxe5 Rxe5 30. Ke3 Ne8 31. Rxh6 Ng7 32. Ra6 Ne6 33. Rad6 Rc7 34. Bg4
Nc5 35. R6d4 Rb7 36. Bf3 Ne6 37. Rd5 f6 38. Rxe5 fxe5 39. Rd5 d6 40. h4 gxh4 41.
gxh4 Rc7 42. h5 Nf4 43. Rd2 Rc3+ 44. Kf2 Rc8 45. Rd1 Rc2+ 46. Kg3 Rxa2 47. h6
Ra8 48. Bg4 Rh8 49. Rh1 Kf6 50. Bf5 d5 51. h7 Kg5 52. Kf3 dxe4+ 53. Bxe4 Kf6 54.
Rh6+ Kg7 55. Rb6 Nh3 56. Rb7+ Kf6 57. Rxb4 Ng5+ 58. Ke3 Nxe4 59. Kxe4 Rxh7 60.
Rb6+ Kg5 61. Kxe5 Rh1 62. Rb8 Re1+ 63. Kd6 Rd1+ 64. Ke5 Re1+ 65. Kd4 Kf6 66. b4
Ke7 67. Kc5 Kd7 68. Kb6 Re6+ 69. Ka7 Re3 70. b5 Rb3 71. Kb6 Rc3 72. Rh8 Rc1 73.
Rh7+ Kd8 74. Kb7 Rc2 75. b6 Rc3 76. Ka8 Ra3+ 77. Kb8 Rb3 78. b7 Ra3 1/2-1/2

[Event "European Blitz 2022"]
[Site "Katowice POL"]
[Date "2022.12.16"]
[Round "3.39"]
[White "Blohberger, Felix"]
[Black "Ribeiro, Gustavo"]
[Result "1-0"]
[WhiteTitle "GM"]
[WhiteElo "2490"]
[BlackElo "1836"]
[WhiteFideId "1632051"]
[BlackFideId "1941852"]
[EventDate "2022.12.16"]

1. e4 c5 2. Nf3 d6 3. d4 cxd4 4. Nxd4 Nc6 5. c4 g6 6. Nc3 Bg7 7. Be3 Nf6 8. Be2
O-O 9. O-O Bd7 10. h3 Rc8 11. Rc1 Ne5 12. b3 Bc6 13. f4 Ned7 14. Bf3 Nc5 15.
Nxc6 bxc6 16. e5 Nfd7 17. exd6 exd6 18. Qxd6 Re8 19. Bf2 Bf8 20. Qd2 Qc7 21.
Rfe1 Ne6 22. g3 Rcd8 23. Qc2 Nf6 24. Rcd1 Bb4 25. Kg2 Qa5 26. Rxd8 Rxd8 27. Rxe6
fxe6 28. Ne4 Nxe4 29. Qxe4 Qf5 30. Qxc6 Rd2 31. Qa8+ Qf8 32. Qxf8+ Kxf8 33. Kf1
Rxa2 34. Bc6 a5 35. Ba4 Kf7 36. Bd4 Rd2 37. Be5 Rd3 38. Kf2 Bc5+ 39. Kg2 Re3 40.
h4 h6 41. Bc7 g5 42. hxg5 hxg5 43. fxg5 Kg6 44. Be8+ Kg7 45. Bxa5 Rxb3 46. Bc7
Bd4 47. Bd6 Rc3 48. c5 Kg8 49. g6 Bxc5 50. Bf7+ 1-0

[Event "European Blitz 2022"]
[Site "Katowice POL"]
[Date "2022.12.16"]
[Round "3.40"]
[White "Hercog, Nusa"]
[Black "Stefansson, Hannes"]
[Result "0-1"]
[WhiteTitle "WFM"]
[BlackTitle "GM"]
[WhiteElo "2057"]
[BlackElo "2526"]
[WhiteFideId "14614324"]
[BlackFideId "2300087"]
[EventDate "2022.12.16"]

1. d4 Nf6 2. c4 e6 3. Nc3 Bb4 4. Nf3 O-O 5. Bg5 h6 6. Bh4 c5 7. Rc1 d6 8. e3 g5
9. Bg3 Ne4 10. Bd3 Bxc3+ 11. bxc3 Nxg3 12. hxg3 Kg7 13. e4 f5 14. Qd2 Nc6 15.
O-O g4 16. Nh2 Qg5 17. Qxg5+ hxg5 18. d5 Ne5 19. Be2 exd5 20. exd5 f4 21. gxf4
gxf4 22. f3 g3 23. Ng4 Bxg4 24. fxg4 Rae8 25. Rfe1 Kf6 26. Rb1 b6 27. a4 Kg5 28.
Bf3 Re7 29. Re4 Nxf3+ 30. gxf3 Rxe4 31. fxe4 Kxg4 32. Re1 f3 33. Rc1 Kh3 34. e5
f2+ 35. Kf1 g2+ 0-1

[Event "European Blitz 2022"]
[Site "Katowice POL"]
[Date "2022.12.16"]
[Round "3.41"]
[White "George, Matthew P"]
[Black "Seo, Jung Min"]
[Result "1/2-1/2"]
[BlackTitle "IM"]
[WhiteElo "1999"]
[BlackElo "2502"]
[WhiteFideId "407763"]
[BlackFideId "1734687"]
[EventDate "2022.12.16"]

1. e4 e5 2. Nf3 Nc6 3. Nc3 Nf6 4. d4 Bb4 5. Nxe5 Nxe4 6. Qf3 Nf6 7. Be3 O-O 8.
Nxc6 dxc6 9. h3 Be6 10. Bd3 Bd5 11. Qg3 Ne4 12. Bxe4 Bxe4 13. Rc1 Qd5 14. O-O
Bxc3 15. bxc3 Rac8 16. Bh6 Bg6 17. Bf4 c5 18. Rfd1 cxd4 19. cxd4 Qxa2 20. c4 c6
21. Qc3 Qa6 22. Ra1 Qb6 23. Bd6 Rfe8 24. Bc5 Qd8 25. Rxa7 b6 26. Ba3 b5 27. cxb5
cxb5 28. Bc5 Qd5 29. Re1 h5 30. Ree7 Rxe7 31. Rxe7 Ra8 32. h4 Qf5 33. Re5 Qg4
34. g3 Be4 35. Qb2 1/2-1/2

[Event "European Blitz 2022"]
[Site "Katowice POL"]
[Date "2022.12.16"]
[Round "3.42"]
[White "Szpar, Milosz"]
[Black "Drozdowski, Konrad"]
[Result "0-1"]
[WhiteTitle "IM"]
[WhiteElo "2428"]
[BlackElo "2104"]
[WhiteFideId "1184989"]
[BlackFideId "1106279"]
[EventDate "2022.12.16"]

1. e4 c5 2. c3 g6 3. d4 cxd4 4. cxd4 d5 5. e5 Nc6 6. Nc3 Bg7 7. h3 Nh6 8. Nf3
O-O 9. Bb5 f6 10. exf6 exf6 11. O-O Kh8 12. Re1 Bf5 13. Na4 Nb4 14. Re2 a6 15.
Nc5 axb5 16. Bf4 b6 17. Ne6 Bxe6 18. Rxe6 Nf5 19. Qd2 Na6 20. g4 Ne7 21. Rae1
Rf7 22. Qe2 Ng8 23. Rd6 Qc8 24. Qxb5 Qc4 25. Qxb6 Nb4 26. Nd2 Qxa2 27. Qxb4 g5
28. Bg3 Bf8 29. Nf1 Bxd6 30. Qxd6 Qxb2 31. Qxd5 Qb7 32. Qf5 Qd7 33. Qf3 Rd8 34.
Rd1 Qd5 35. Qd3 Re7 36. Ne3 Qd7 37. Nf5 Ree8 38. d5 Ne7 39. d6 Nxf5 40. gxf5 Qc6
41. Qd4 Kg7 42. Ra1 Rd7 43. Kh2 Qe4 44. Qc5 h5 45. Ra7 Rd8 46. Rxd7+ Rxd7 47.
Qb5 Qb7 48. Qxb7 Rxb7 49. h4 g4 50. Kg2 Kf7 51. f3 Rb2+ 52. Bf2 gxf3+ 53. Kxf3
Ke8 54. Bg3 Kd7 55. Bf4 Rb5 56. Ke4 Rb4+ 57. Kf3 Rb3+ 58. Ke4 Rh3 59. Kd5 Rxh4
60. Bh6 Rh1 61. Bg7 Rd1+ 62. Ke4 Rxd6 63. Kf4 Ke7 64. Kg3 Kf7 65. Bh6 Rd4 66.
Bf4 Rc4 67. Kf3 h4 68. Kg4 h3 69. Kg3 Rxf4 0-1

[Event "European Blitz 2022"]
[Site "Katowice POL"]
[Date "2022.12.16"]
[Round "3.43"]
[White "Bazilius, Augustinas"]
[Black "Abdrlauf, Elham"]
[Result "0-1"]
[BlackTitle "IM"]
[WhiteElo "2118"]
[BlackElo "2518"]
[WhiteFideId "12832251"]
[BlackFideId "1533533"]
[EventDate "2022.12.16"]

1. d4 Nf6 2. c4 e6 3. Nf3 d5 4. g3 dxc4 5. Bg2 a6 6. a4 Nc6 7. O-O Be7 8. e3 Rb8
9. b3 cxb3 10. Qxb3 O-O 11. Ba3 Bd7 12. Nc3 Bxa3 13. Qxa3 b5 14. axb5 axb5 15.
Qb3 Qe7 16. Rfb1 b4 17. Na4 Na5 18. Qc2 Bxa4 19. Rxa4 b3 20. Qc3 Nb7 21. Rxb3
Nd6 22. Ne5 Nde4 23. Qc2 Rxb3 24. Qxb3 Qd6 25. Qc2 Qd5 26. Rc4 h6 27. Rxc7 Qa8
28. Nd7 Nxd7 29. Bxe4 Qa1+ 30. Qb1 Qxb1+ 31. Bxb1 Nf6 32. Bd3 Rd8 33. Kg2 e5 34.
dxe5 Nd5 35. Ra7 Nxe3+ 36. fxe3 Rxd3 37. Kf3 Rb3 38. Re7 Kf8 39. Ra7 Rb4 40.
Ra8+ Ke7 41. Ra7+ Ke6 42. Rc7 h5 43. h3 g5 44. g4 h4 45. Rc6+ Kxe5 46. Rc5+ Kf6
47. Rf5+ Kg6 48. Kg2 Rb3 49. Rf3 Rc3 50. Kf2 Rc2+ 51. Ke1 Rh2 52. Kf1 f6 53. Kg1
Re2 54. Kf1 Rh2 55. Kg1 Ra2 56. Rf2 Ra1+ 57. Kg2 Re1 58. Rf3 Kf7 59. Kf2 Ra1 60.
e4 Ke6 61. Rf5 Ra2+ 62. Kf3 Rh2 63. e5 Rxh3+ 64. Kg2 Rg3+ 65. Kh2 fxe5 66. Rxg5
Kd5 67. Rg8 Ke4 68. g5 Kf5 69. Rh8 Kxg5 70. Rg8+ Kf4 71. Rh8 0-1

[Event "European Blitz 2022"]
[Site "Katowice POL"]
[Date "2022.12.16"]
[Round "3.44"]
[White "Gavrilescu, David"]
[Black "Adamczewski, Maciej"]
[Result "1-0"]
[WhiteTitle "IM"]
[WhiteElo "2522"]
[BlackElo "2071"]
[WhiteFideId "1227190"]
[BlackFideId "1148702"]
[EventDate "2022.12.16"]

1. e4 e6 2. d4 d5 3. e5 c5 4. c3 Nc6 5. Nf3 Bd7 6. Be2 Qb6 7. O-O cxd4 8. cxd4
Nh6 9. Bxh6 gxh6 10. Qd2 Rc8 11. Nc3 a6 12. Rac1 Bg7 13. Na4 Qa7 14. Nc5 Rc7 15.
b4 O-O 16. Rc2 Rfc8 17. Rfc1 Be8 18. a3 a5 19. h4 axb4 20. axb4 Bf8 21. Rb1 b6
22. Ra2 Qb8 23. Na6 Qb7 24. Nxc7 Qxc7 25. Bd3 Qe7 26. Rab2 f6 27. b5 Na5 28.
exf6 Qxf6 29. Ne5 Bg6 30. Re1 Bxd3 31. Qxd3 Bd6 32. Qg3+ Kh8 33. Rbe2 Rg8 34.
Nf7+ Qxf7 35. Qxd6 Qg6 36. g3 Qf6 37. Rxe6 1-0

[Event "European Blitz 2022"]
[Site "Katowice POL"]
[Date "2022.12.16"]
[Round "3.45"]
[White "Kozak, Antoni"]
[Black "Dwilewicz, Katarzyna"]
[Result "1-0"]
[BlackTitle "WFM"]
[WhiteElo "2422"]
[BlackElo "2123"]
[WhiteFideId "21832030"]
[BlackFideId "1148486"]
[EventDate "2022.12.16"]

1. Nf3 c5 2. c4 Nc6 3. Nc3 Nf6 4. g3 g6 5. Bg2 Bg7 6. d4 cxd4 7. Nxd4 O-O 8. O-O
a6 9. e3 e5 10. Nde2 d6 11. b3 Be6 12. Ba3 Ne8 13. Qd2 Qa5 14. Bb2 Rd8 15. Rfd1
f5 16. Rac1 Nf6 17. a3 Qc7 18. Nd5 Qf7 19. Nec3 e4 20. f4 exf3 21. Bxf3 Ne5 22.
Bg2 Nxd5 23. Nxd5 Nc6 24. Nf4 Bxb2 25. Qxb2 Ne7 26. Bxb7 Bc8 27. Bg2 Rfe8 28.
Rd3 Bd7 29. Rcd1 Bc6 30. Rxd6 Rxd6 31. Rxd6 Bxg2 32. Kxg2 Nc8 33. Rd3 Qe7 34.
Qd4 Na7 35. Nd5 Qe4+ 36. Qxe4 fxe4 37. Nf6+ Kf7 38. Rd6 Rb8 39. Rxa6 Nc8 40. b4
Nb6 41. c5 Nc4 42. Nxe4 Nxe3+ 43. Kf3 Nd5 44. Nd6+ Ke7 45. Ke4 Nc3+ 46. Ke5 Nb5
47. Nxb5 1-0

[Event "European Blitz 2022"]
[Site "Katowice POL"]
[Date "2022.12.16"]
[Round "3.46"]
[White "Delgerdalai, Bayarjavkhlan"]
[Black "Samunenkov, Ihor"]
[Result "0-1"]
[BlackTitle "IM"]
[WhiteElo "2100"]
[BlackElo "2488"]
[WhiteFideId "23727276"]
[BlackFideId "14187086"]
[EventDate "2022.12.16"]

1. e4 c5 2. Nf3 Nc6 3. d4 cxd4 4. Nxd4 Nf6 5. Nc3 e5 6. Ndb5 d6 7. Bg5 a6 8. Na3
b5 9. Nd5 Be7 10. Bxf6 Bxf6 11. c3 Rb8 12. Nc2 Bg5 13. Be2 O-O 14. O-O Be6 15.
a4 bxa4 16. Ndb4 Nxb4 17. Nxb4 Bb3 18. Qd3 Rb6 19. Nxa6 Qc8 20. Nb4 Rd8 21. Nd5
Bxd5 22. Qxd5 Rxb2 23. Bc4 Qd7 24. Rab1 a3 25. Rxb2 axb2 26. Ba2 g6 27. Rd1 Qc7
28. g3 Bc1 29. Kg2 Kg7 30. h4 h5 31. f3 Rd7 32. Bb1 Qxc3 33. Qb5 Qc7 34. Kh3 Rd8
35. Qb3 Qd7+ 36. Kg2 Rc8 37. Ba2 Qc7 38. Kh3 Ra8 39. Bb1 Qc5 40. Ba2 Ra7 41. Bb1
Qf2 42. Qd3 Ra8 43. Qb3 Rc8 44. Rxd6 Qf1+ 45. Kh2 Be3 46. Qxe3 Qxb1 47. Qg5 Rc2+
48. Rd2 0-1

[Event "European Blitz 2022"]
[Site "Katowice POL"]
[Date "2022.12.16"]
[Round "3.47"]
[White "Nasuta, Grzegorz"]
[Black "Mayrhuber, Nikola"]
[Result "1-0"]
[WhiteTitle "GM"]
[BlackTitle "WFM"]
[WhiteElo "2546"]
[BlackElo "2106"]
[WhiteFideId "1141686"]
[BlackFideId "1637819"]
[EventDate "2022.12.16"]

1. e4 c5 2. Nf3 d6 3. Bb5+ Nd7 4. O-O Nf6 5. Re1 g6 6. c3 Bg7 7. d4 cxd4 8. cxd4
O-O 9. Nc3 a6 10. Bf1 b5 11. e5 Ne8 12. Bf4 dxe5 13. dxe5 e6 14. Qe2 Nb6 15.
Red1 Qe7 16. Bg5 Qa7 17. Be3 Qe7 18. Ne4 Nd7 19. Bg5 Qb4 20. a3 Qa5 21. Be7 Nxe5
22. Nxe5 Bxe5 23. Bxf8 Kxf8 24. Ng5 Bg7 25. Nxf7 Kxf7 26. Qf3+ Nf6 27. Qxa8 Bd7
28. Qb7 Ke7 29. Rac1 Qd8 30. Qxa6 Qb8 31. Qa5 Nd5 32. g3 Be5 33. Bg2 Bc6 34.
Rxc6 1-0

[Event "European Blitz 2022"]
[Site "Katowice POL"]
[Date "2022.12.16"]
[Round "3.48"]
[White "Rekuc, Patryk"]
[Black "Krzyzanowski, Marcin"]
[Result "0-1"]
[BlackTitle "GM"]
[WhiteElo "1755"]
[BlackElo "2538"]
[WhiteFideId "21898197"]
[BlackFideId "1132199"]
[EventDate "2022.12.16"]

1. e4 d6 2. d4 Nf6 3. Nc3 g6 4. f4 Bg7 5. Nf3 c6 6. Be2 O-O 7. O-O b5 8. a3 Bb7
9. e5 Ne8 10. Be3 a5 11. Qd2 Nd7 12. Ng5 Nc7 13. exd6 exd6 14. f5 Nf6 15. Bd3 b4
16. Nce4 Ncd5 17. fxg6 hxg6 18. Rae1 Ba6 19. Bxa6 Rxa6 20. Qd3 Ra7 21. Bc1 Nxe4
22. Rxe4 Re7 23. Qh3 Rfe8 24. Qh7+ Kf8 25. Qxg6 Qd7 26. Rh4 Re1 27. Rh8+ Bxh8
28. Nh7+ Ke7 29. Bg5+ f6 30. Rxe1+ Kd8 31. Rxe8+ Qxe8 32. Qxe8+ Kxe8 33. Bd2 Kf7
34. axb4 axb4 35. c4 bxc3 36. bxc3 Kg7 37. c4 Ne7 38. Bb4 Nc8 39. d5 c5 40. Nxf6
cxb4 41. Ne4 Kg6 42. Kf2 b3 43. Nd2 Nb6 44. Nxb3 Nxc4 45. Kf3 Kf5 46. g4+ Ke5
47. h4 Kxd5 48. h5 Ke5 49. Nc1 d5 50. Nd3+ Ke6 51. Nf4+ Kd6 52. g5 Ne5+ 53. Kg3
d4 54. g6 Bg7 55. Kh4 Bh6 56. g7 Bxg7 57. Kg5 Bf8 58. h6 Nf7+ 59. Kf6 Bxh6 60.
Nd3 Ne5 61. Nxe5 Bg7+ 0-1

[Event "European Blitz 2022"]
[Site "Katowice POL"]
[Date "2022.12.16"]
[Round "3.49"]
[White "Zamekhovskiy, Yevgen"]
[Black "Gaehwiler, Gabriel"]
[Result "0-1"]
[BlackTitle "IM"]
[WhiteElo "2095"]
[BlackElo "2408"]
[WhiteFideId "14174413"]
[BlackFideId "1314530"]
[EventDate "2022.12.16"]

1. d4 Nf6 2. c4 g6 3. Nf3 Bg7 4. g3 O-O 5. Bg2 d6 6. O-O c6 7. Nc3 Bf5 8. Ne1
Be6 9. b3 d5 10. cxd5 Nxd5 11. Bb2 Nxc3 12. Bxc3 Na6 13. Rc1 Qd7 14. Qd2 Nc7 15.
Nf3 Bd5 16. Rfe1 Bxf3 17. Bxf3 Nb5 18. e3 e5 19. dxe5 Qf5 20. Qe2 Bxe5 21. Bxe5
Qxe5 22. a4 Nd6 23. Red1 Rad8 24. Qc2 Nf5 25. Kg2 Kg7 26. b4 a6 27. Rb1 h5 28.
h4 Qxg3+ 29. fxg3 Nxe3+ 30. Kf2 Nxc2 31. Rxd8 Rxd8 32. b5 Rd2+ 33. Be2 axb5 34.
axb5 Na3 35. Ra1 Nxb5 36. Ke3 Rd7 37. Rb1 Nc3 38. Rb3 Re7+ 0-1

[Event "European Blitz 2022"]
[Site "Katowice POL"]
[Date "2022.12.16"]
[Round "3.50"]
[White "Licznerski, Lukasz"]
[Black "Budzisz, Adrian"]
[Result "1-0"]
[WhiteTitle "IM"]
[WhiteElo "2441"]
[BlackElo "2118"]
[WhiteFideId "1179250"]
[BlackFideId "21860238"]
[EventDate "2022.12.16"]

1. e4 e6 2. d4 d5 3. Nd2 c5 4. Ngf3 Nf6 5. exd5 exd5 6. Bb5+ Bd7 7. Qe2+ Be7 8.
dxc5 O-O 9. Nb3 Re8 10. Be3 Bxc5 11. Bxd7 Nbxd7 12. Nxc5 Nxc5 13. Qb5 Rc8 14.
O-O a6 15. Qb4 Nfe4 16. Rfe1 Re6 17. Nd4 Rb6 18. Qa3 Rg6 19. f3 Nd6 20. b3 Qf6
21. Rad1 h5 22. Qc1 Ne6 23. Qd2 Nxd4 24. Bxd4 Qxf3 25. Rf1 Qg4 26. Rf4 Qg5 27.
Rf2 Qg4 28. Qe2 Ne4 29. Qxg4 hxg4 30. Re2 Rgc6 31. c3 f6 32. Rd3 Kf7 33. Ree3 b5
34. h3 gxh3 35. Rxh3 Re6 36. Rdf3 Ng5 37. Rfg3 Nxh3+ 38. Rxh3 Re2 39. a3 Ra2 40.
b4 Rxa3 41. Re3 Re8 42. Rf3 Ra1+ 43. Kh2 Ra2 44. Rg3 Ree2 45. Rg4 g5 46. Rg3 Kg6
47. Be3 Rac2 48. Bd4 f5 49. Kh1 f4 50. Rg4 1-0

[Event "European Blitz 2022"]
[Site "Katowice POL"]
[Date "2022.12.16"]
[Round "3.51"]
[White "Grineva, Marianna"]
[Black "Costachi, Mihnea"]
[Result "0-1"]
[WhiteTitle "WFM"]
[BlackTitle "IM"]
[WhiteElo "2020"]
[BlackElo "2476"]
[WhiteFideId "14102013"]
[BlackFideId "1217518"]
[EventDate "2022.12.16"]

1. e4 e5 2. Nf3 Nc6 3. Bb5 a6 4. Ba4 d6 5. c3 Bd7 6. O-O g6 7. d4 Bg7 8. Be3 Nf6
9. d5 Ne7 10. Bc2 O-O 11. h3 h6 12. Nh2 Ne8 13. Nd2 f5 14. f4 exf4 15. Bxf4 g5
16. Be3 f4 17. Bd4 Ng6 18. Ng4 Bxg4 19. Qxg4 Nf6 20. Qe6+ Kh8 21. Nf3 Qe8 22.
Qxe8 Raxe8 23. Rae1 Nd7 24. Bxg7+ Kxg7 25. Nd4 Nge5 26. Ne6+ Rxe6 27. dxe6 Nc5
28. e7 Re8 29. b4 Ncd3 30. Rd1 Nb2 31. Rd5 Nbc4 32. Re1 Rxe7 33. Bb3 Ne3 34. Rd2
Re8 35. Kf2 h5 36. Rxe3 fxe3+ 37. Kxe3 Rf8 38. c4 g4 39. hxg4 Nxg4+ 40. Kd4 Rd8
41. a4 b6 42. Bd1 Nf6 43. Rf2 c5+ 44. Kd3 cxb4 45. Rf5 Kg6 46. Rf1 Re8 47. Bf3
Nd7 48. Kd4 Re5 49. Rb1 a5 50. Rf1 Nc5 51. Bd1 Rxe4+ 52. Kd5 Re3 53. Kxd6 b3 54.
Kc6 Nxa4 55. Rf4 Rd3 56. Be2 Rc3 57. Bf3 Nc5 58. Bd1 b2 59. Rf1 0-1